01498nam a2200265Ia 450000100060000000300090000600800410001504000130005604000130006904100130008210000170009510000290011224000370014124000350017824500410021324500410025425000110029526000110030626000140031726000490033130000410038050007620042165000180118365000310120118818IT-RoPAU130308s9999 xx 000 0 und d aIT-RoPAU cIT-RoPAU aITALIANO aRicoeur Paul gCodice Aut. SPICS: 2052 aCONFLIT DES INTERPRETATIONS (LE) gCodice Tit. Orig. Spics: T0784 aConflitto delle interpretazioni (Il) bConflitto delle Interpretazioni (Il) a1a ed. aMILANO bJaca Book c1977 [1° Ed.:1977 - Ed.Ling.Originale:1969] a"524 p. (prefazione: 6; testo: 518)" aPrefazione di Armando Rigobello Esistenza ed Ermeneutica Ermeneutica e Strutturalismo Struttura ed Ermeneutica doppio Senso Come Problema Ermeneutico e semantico Struttura Parola Avvenimento Ermeneutica e Psicanalisi Conscio e inconscio Psicanalisi Movimento e Cultura Contemporanea Interpretazione Filosofica di Freud Tecnica e Non Tecnica nell'Interpretazione Arte e Sistematica freudiana Ermeneutica e fenomenologia Atto e Segno Secondo Jean Nabert Heidegger e Questione del Soggetto Simbolica del Male peccato Originale Ermeneutica dei Simboli e Riflessione Filosofica Interpretazione del Mito Alla Pena Religione e fede Prefazione a Bultman Libertà Secondo la Speranzacolpa Etica e Religione Religione Ateismo fede Paternità dal fantasma al Simbolo aEPISTEMOLOGIA eCodice materia Spics: 3051